01186 a2200193 45000010006000000050017000060080041000230030015000640400040000790800081001192450168002000200022003682640033003903000019004235050418004420410008008601000029008688560095008976144620260407155905.0260407a2024 arg spa dAR-UNSa-BCEJYS aAR-UNSa-BCEJYSbspacAR-UNSa-BCEJYS a343.53xFraudes en el comercio y en la industria (Derecho Penal Económico)10aLavado de activos ilícitos mediante criptomonedaspAspectos sustantivos y procesales del fenómeno criminial. Las operaciones con criptomonedas en la Ley 27.739 a978-987-745-291-4 1aBuenos Aires :bAD-HOCc2024 a199 p.c23 cm. a1. Delimitación metodología - 2. Contexto regulatorio nacional – 3. Consideraciones relevantes sobre bitcoin – 4. Criptomoneda (en especial bitcoin) como herramienta para lavar activos ilícitos – 5. Caso “Bobinas blancas”: criptolavado de activos ilícitos, resultado típico y conductas neutrales – 6. Técnicas especiales de investigación y procedimiento de incautación de criptomonedas aspa1 aLinares, María Belén41uhttps://biblioeco.unsa.edu.ar/pmb/images/libros/L129337.jpgyImagen de portadaqimage/jpeg